000 01293nam a2200337 i 4500
001 000017851
003 DO-SdBNP
005 20250204142518.0
007 ta
008 100406s2001 dr b 000 0 spa d
020 _a9993401684
040 _aDO-SdBNP
_bspa
_cBNPHU
_erda
049 _aBNPD
082 4 _a923.17293
_bJ61m
_222
100 1 _aJimenes Hernández, José Antonio,
_d1956-
_938756
_eautor
_4aut.
245 1 0 _aManuel Jiménes :
_bprocer de la independencia /
_cJosé Antonio Jimenes Hernández ; prólogo, Julio Genaro Campillo Pérez.
264 1 _aSanto Domingo :
_bEditora Corripio,
_c2001.
300 _a361 páginas:
_bmapas ;
_c23 cm.
336 _atexto
_btxt
_2rdacontent
337 _asin mediación
_bn
_2rdamedia
338 _avolumen
_bnc
_2rdacarrier
490 _aColección Academia Dominicana de la Historia
_v1
500 _aIncluye datos biográficos del autor en la contracubierta.
500 _aIncluye referencias bibliográficas y notas al pie de las páginas.
504 _aBbliografía : páginas 359-361
590 _aInventariado, 2024/BT
600 1 4 _aJimenes, Manuel,
_d1808-1854
_938757
651 4 _aRepública Dominicana
_xHistoria
_y1844-1864
_934516
700 1 _aCampillo Pérez, Julio Genaro,
_eprologuista
_913954
_4pr.
942 _2ddc
_cLBS1
999 _c17375
_d17375